Normal view
MARC view
- فولر، لوري؛ ترجمة خالد اولر العامري
Entry Personal Name
001 - CONTROL NUMBER
- control field: 44455
003 - CONTROL NUMBER IDENTIFIER
- control field: JO-AjAnu
005 - DATE AND TIME OF LATEST TRANSACTION
- control field: 20230606081348.0
008 - FIXED-LENGTH DATA ELEMENTS
- fixed length control field: 230606|| aca||aabn | a|a d
040 ## - CATALOGING SOURCE
- Original cataloging agency: JO-AjAnu
- Transcribing agency: JO-AjAnu
100 ## - HEADING--PERSONAL NAME
- Personal name: فولر، لوري؛ ترجمة خالد اولر العامري
670 ## - SOURCE DATA FOUND
- Source citation: Work cat.: (JO-AjAnu)22765: فولر، لوري؛ ترجمة خالد اولر العامري , author, مايكروسوفت اكسيس 2010 دومينز